Nutrient budgets soil fertility management and livelihood analyses in northeast Thailand : a basis for integrated rural development strategies in developing countries

This is follwed by a general discussion that advocates that SNRM can only be achieved by following a livelihood approach, including a strong emphasis on socio-economic incentives. In additio, major challenges are identified for multi-scale sustainable institutional development, which requires effort...

詳細記述

保存先:
書誌詳細
第一著者: Wijnhoud, J D.
フォーマット: 図書
言語:Undetermined
出版事項: Nethlands Wageningen University 2007
主題:
タグ: タグ追加
タグなし, このレコードへの初めてのタグを付けませんか!
Thư viện lưu trữ: Trung tâm Học liệu Trường Đại học Cần Thơ
LEADER 01016nam a2200205Ia 4500
001 CTU_187286
008 210402s9999 xx 000 0 und d
082 |a 631.4 
082 |b W631 
100 |a Wijnhoud, J D. 
245 0 |a Nutrient budgets soil fertility management and livelihood analyses in northeast Thailand : 
245 2 |b a basis for integrated rural development strategies in developing countries 
245 0 |c J D. Wijnhoud 
260 |a Nethlands 
260 |b Wageningen University 
260 |c 2007 
520 |a This is follwed by a general discussion that advocates that SNRM can only be achieved by following a livelihood approach, including a strong emphasis on socio-economic incentives. In additio, major challenges are identified for multi-scale sustainable institutional development, which requires efforts aimed at good governance. 
650 |a Plant-soil relationship,Độ phì nhiêu của đất 
904 |i Qhieu 
980 |a Trung tâm Học liệu Trường Đại học Cần Thơ